000 00321 a2200133 4500
000 nam a22 7a 4500
100 _aUNICEF
110 _aUNICEF
245 _aThe state of the World's Childern 2016:a fair chance for every child
250 _alatest edition
260 _bUNICEF
264 _bUNICEF
942 _cBK
999 _c393329
_d393329